000
00284nam a22001217a 4500
008
181121b xxu||||| |||| 00| 0 eng d
041
_a
eng
080
_a
615
100
_a
5
101
_a
FAR
245
_a
The PDR Family Guide to prescription drugs
_c
Cassileth,B.R
942
_2
udc
_c
BK
999
_c
52287
_d
52287